000
00336nam a22001457a 4500
008
221031b ||||| |||| 00| 0 eng d
020
_a
2800716720166
041
_a
eng
080
_2
0521231647
_a
101
082
_a
101
100
_a
44.1
101
_a
FILO
245
_a
CERTAIN PHILOSOPHICAL QUESTIONS
_c
McGUIRE .J
942
_2
udc
_c
BK
999
_c
58694
_d
58694